000 02250cam a22005054i 4500
003 PE-LiUPU
005 20250731173407.0
008 150706s1983 miu rb 000 0 spa d
020 _a9870825417023
035 _a(Sirsi) i9870825417023
040 _aPE-LiUPU
_bspa
_cPE-LiUPU
_erda
049 _aPRUA
082 0 4 _a249
_bT27
_221
100 1 _aTaylor guillermo D.,
_eautor.
245 1 3 _aLa familia auténticamente cristiana /
_cGuillermo D. Taylor y Sergio E. Mijangos.
264 1 _aGrand Rapids, Michigan :
_bPortavoz,
_c1983.
300 _a224 páginas ;
_c22 centímetros
336 _atext
_2rdacontent
337 _aunmediated
_2rdamedia
338 _avolume
_2rdacarrier
504 _aIncluye bibliografía.
505 0 _aArquitecto de nuestra familia -- Machismo hombría y el esposo cristiano -- Asuntos específicos que influyen en el papel de esposo -- Esposa cristiana: persona, mujer, madre -- Asuntos específicos que influyen en el papel de esposa -- Guerra tregua reconciliación y paz -- Placer y creatividad sexual en el matrimonio -- Libertad financiera en nuestra familia -- Libertad financiera en nuestra familia -- Tú y la planificación familiar -- Amar y formar a nuestros hijos -- Hacia una sana educación sexual de nuestros hijos -- Gocémonos en al recreación familiar.
526 _aSEG42
526 _aSEG41
526 _aSEG40
526 _aSEG39
526 _aP94
526 _aP87
526 _aP86
526 _aP85
526 _aP77
526 _aP76
526 _aP35
541 _g001-001094;
650 0 4 _aFamilia Cristiana.
650 0 4 _aVida cristiana.
700 1 _aMijangos Sergio E.,
_eautor.
700 1 _aNuñez C., Emilio Antonio,
_eprol.
910 _agl
_bjv
_cng
_d20110811
942 _2ddc
_cBOOK
949 _a249 T27
_wDEWEY
_c1
_i63322
_lCCODEBUL1
_mBUL
_p12.00
_r0
_sY
_tBOOK
_u2015-7-6
_xTEOLOGIA
_PP35
_o.STAFF. Colección General
994 _aC0
_bPEPRU
596 _a1
999 _a249 T27
_wDEWEY
_c52325
_i63322
_d52325
_e2019-10-31
_f2021-11-10
_g5
_lCCODEBUL1
_mBUL
_n7
_p12.00
_q6
_r0
_sY
_tBOOK
_u2015-7-6
_xTEOLOGIA
_PP35
_0COMPRA
_o.STAFF. Colección Teología
980 _81
_gALBERTO SANCHEZ Responsable de Automatización